00334nam a2200133Ia 4500008004100000041001200041082001100053100002100064245003900085260003700124300000800161650001500169700001600184221030s9999 xx 000 0 und d aEnglish a105.23 aS. A. Chunawalla 0aProduction & Operations Management bHimalaya Pub HouseaMumbaic2009 a667 aManagement aD. R. Patel